000 00576nam a2200181Ia 4500
008 090123s9999 xx 000 0 und d
082 _b13768
100 _aगांधी महात्मा
245 _aसत्याचे प्रयोग
250 _a1
260 _bनवजीवन ट्रस्ट
300 _a484
600 _aगांधी महात्मा
630 _aसत्याचे प्रयोग
700 _aगांधी महात्मा
730 _aसत्याचे प्रयोग
942 _cBOOK
999 _c51831
_d51831